La lengua española en Chile: el problema de la corrección idiomática. Mesa redonda

Guardat en:
Dades bibliogràfiques
Autors principals: Rabanales Ortiz, Ambrosio (autor), Sáez Godoy, Leopoldo (Autor), Sánchez Cabezas, Gilberto (Autor), Valdicieso González, Luis (Autor)
Altres autors: Matus Olivier, Alfredo (autor)
Format: Llibre
Idioma:espanyol
Publicat: Santiago Universitaria 1997
Edició:1a. ed
Col·lecció:Cuadernos Rector Juvenal Hernández, 2
Matèries:
Etiquetes: Afegir etiqueta
Sense etiquetes, Sigues el primer a etiquetar aquest registre!

MARC

LEADER 00000nam a2200000 a 4500
001 UCK9003
003 CL-VaPUC
008 060413e19970000CL |||||||||||||||||spa|d
020 |a 9567708010 
082 0 4 |a 467.983  |b RAB  |2 21 
100 |a Rabanales Ortiz, Ambrosio  |e autor  |9 525276 
700 |a Matus Olivier, Alfredo  |e autor  |9 415225 
700 0 |a Sáez Godoy, Leopoldo  |e author  |9 498729 
700 0 |a Sánchez Cabezas, Gilberto  |e author  |9 498730 
700 0 |a Valdicieso González, Luis  |e author  |9 498731 
245 1 3 |a La lengua española en Chile: el problema de la corrección idiomática. Mesa redonda 
250 |a 1a. ed 
300 |a 69 p 
942 |c BK 
945 |d 20060413 00:00:00  |a cmena 
260 |a Santiago  |b Universitaria  |c 1997 
650 0 |a Idioma español  |9 309143 
650 0 |a Etnolingüística  |9 341076 
650 0 |a Sociolingüística  |9 263716 
650 0 |a Aptitud verbal  |9 498732 
651 7 |a CHILE  |2 CL-VaPUC  |9 498733 
583 |a last modification  |c 20060413 00:00:00  |k Rodrigo Vera 
490 0 |a Cuadernos Rector Juvenal Hernández, 2 
999 |c 316358  |d 316356 
952 |0 0  |1 0  |4 0  |6 467_983000000000000_RAB_1997  |7 0  |8 A  |9 390669  |a BIBEDU  |b BIBEDU  |d 2019-11-22  |i 4190076  |o 467.983 RAB 1997  |p 4190076  |r 2019-11-22  |w 2019-11-22  |y BK  |k LIT